| 000 | 00580nam a2200145Ia 4500 | ||
|---|---|---|---|
| 008 | 250506s9999 xx 000 0 und d | ||
| 024 | _a17B-012-CS, 17B-013-CS, 17B-050-CS & 17B-062-CS | ||
| 082 | _a004.96072 MAA | ||
| 100 | _aMaaz Khan, Syeda Ayman Maqsood, Muhammad Ahsan Khan & Mariam Shaikh | ||
| 245 | 0 | _aPay-Per Call Function as a Service | |
| 260 |
_aKarachi: _bUIT, _c2017 |
||
| 600 | _aComputer Science | ||
| 650 | _aBachelor of Computer Science (BS) | ||
| 856 |
_uhttps://drive.google.com/file/d/1vCJTyguxBltzbKVIBBJfPNnMgNwMXDvJ/view?usp=sharing _yClick here for PDF |
||
| 999 |
_c28957 _d28957 |
||